|
|
|
|
| LEADER |
00908cam a2200265 7i4500 |
| 001 |
0000033033 |
| 005 |
20230627090000.0 |
| 008 |
100816 eng |
| 020 |
|
|
|a 9780070063419
|
| 020 |
|
|
|a 0070063419 (hbk.)
|
| 040 |
|
|
|a OhCoOLI
|
| 090 |
0 |
0 |
|a QA331.3
|b .B37 1999
|
| 100 |
1 |
|
|a Barnett, Raymond A
|
| 245 |
1 |
0 |
|a Precalculus :
|b function and graphs
|c Raymond A. Barnett, Michael R. Ziegler, Karl E. Byleen.
|
| 250 |
|
|
|a 4th ed.
|
| 260 |
|
|
|a Boston:
|b WCB McGraw-Hill,
|c 1999.
|
| 300 |
|
|
|a xv, 837 p.:
|b col. ill.;
|c 26 cm.
|
| 500 |
|
|
|a Includes index
|
| 650 |
0 |
0 |
|a Algebra --
|x Graphic methods
|
| 650 |
0 |
0 |
|a Functions
|
| 700 |
1 |
|
|a Byleen, Karl E
|
| 700 |
1 |
|
|a Ziegler, Michael R
|
| 997 |
|
|
|a Communication, Visual Art & Computing, Faculty
|b Computing, Department
|
| 998 |
|
|
|a Mathematics with Statistics, Degree
|
| 999 |
|
|
|a 0000022912
|b BOK
|c OPEN SHELF
|e 1st Floor, Bestari Jaya
|